书目信息 |
| 题名: |
社会科学知识200题
|
|
| 作者: | ;工人日报理论部 编 | |
| 分册: | ||
| 出版信息: | 济南 山东人民出版社 1984 |
|
| 页数: | 132页 | |
| 开本: | 18cm | |
| 丛书名: | ||
| 单 册: | ||
| 中图分类: | C49 , B0 | |
| 科图分类: | ||
| 主题词: | 社会科学--通俗读物 , 哲学理论 | |
| 电子资源: | ||
| ISBN: | ||
| 000 | 00670nam0 2200253 45 | |
| 001 | 1242358423 | |
| 005 | 20120930121450.51 | |
| 010 | @dCNY0.50 | |
| 091 | @aCN@b3099.819 | |
| 100 | @a19950516d1984 em y0chiy0121 ea | |
| 101 | 0 | @achi |
| 102 | @aCN@b370000 | |
| 105 | @ay z 000yy | |
| 200 | 10 | @a社会科学知识200题@Ashe hui ke xue zhi shi 200 ti@f《工人日报》理论部编 |
| 210 | @a济南@c山东人民出版社@d1984 | |
| 215 | @a132页@d18cm | |
| 606 | 0 | @a社会科学@x通俗读物 |
| 606 | 0 | @a哲学理论 |
| 690 | @aC49@v3 | |
| 690 | @aB0@v4 | |
| 711 | 02 | @a工人日报理论部@Agong ren ri bao li lun bu@4编 |
| 801 | 0 | @aCN@bTSSF |
| 801 | 2 | @aCN@bNLC |
| 905 | @a10447@dB0@eJY73 | |
| 社会科学知识200题/《工人日报》理论部编.-济南:山东人民出版社,1984 |
| 132页;18cm |
| ISBN :CNY0.50 |
| ● |
| 相关链接 |
|
|
|
|
正题名:社会科学知识200题
索取号:B0/JY73
 
预约/预借
| 序号 | 登录号 | 条形码 | 馆藏地/架位号 | 状态 | 备注 |
| 1 | 7809621 | 278096212 | 学院路分馆/ [索取号:B0/JY73] | 在馆 | |
| 2 | 7809622 | 278096221 | 学院路分馆/ [索取号:B0/JY73] | 在馆 |